000 00708cab a2200253 4500
001 WB3335-36
008 090401t1997 xxu||||| |||| 00| 0 eng d
035 _a(Sirsi) u80830
041 _aeng
245 _aOpencast health threat
260 _c1997
350 _a0
490 _aWestern Mail
_v11 September 1997, 6(1
520 _aA doctor warns that opencast coalmining may be a cause of asthma, and should be banned within two miles of homes in the Valleys.
650 _aASTHMA
650 _aCHILDREN
650 _aHEALTH HAZARDS
650 _aMERTHYR TYDFIL
650 _aOPENCAST MINING
650 _aSOUTH WALES
690 _aMINING AND MINERALS
942 _n0
948 _c12/09/1997
999 _c50910
_d50910